Élargir les possibilités et développer les compétences des jeunes : Un nouveau programme pour l'enseignement secondaire

Le présent rapport: un nouveau programme pour l'enseignement secondaire, propose aux décideurs des options de politiques "éprouvées" et fondées sur des faits probants. Les conclusions et suggestions présentées visent à aider les pays en développement et les économices en tra...

Deskribapen osoa

Gorde:
Xehetasun bibliografikoak
Erakunde egilea: Banque Mondiale
Formatua: Liburua
Hizkuntza:Undetermined
Argitaratua: Washington, D.C. Banque Mondiale 2005
Gaiak:
Etiketak: Etiketa erantsi
Etiketarik gabe, Izan zaitez lehena erregistro honi etiketa jartzen!
Thư viện lưu trữ: Trung tâm Học liệu Trường Đại học Cần Thơ
LEADER 01334nam a2200217Ia 4500
001 CTU_136313
008 210402s9999 xx 000 0 und d
082 |a 373 
082 |b B219 
110 |a Banque Mondiale 
245 0 |a Élargir les possibilités et développer les compétences des jeunes : 
245 0 |b Un nouveau programme pour l'enseignement secondaire 
245 0 |c Banque Mondiale ; Traduit de l'anglais par Michel Buttiens, Marie Francoise Lalande, Marie-José Raymond 
260 |a Washington, D.C. 
260 |b Banque Mondiale 
260 |c 2005 
520 |a Le présent rapport: un nouveau programme pour l'enseignement secondaire, propose aux décideurs des options de politiques "éprouvées" et fondées sur des faits probants. Les conclusions et suggestions présentées visent à aider les pays en développement et les économices en transition à adapter leurs systèmes d'enseignement secondaire aux exigences résultant de l'élargissement de l'enseignement primaire, aux difficultes économiques et sociales qui accompagnent la mondialisation, et au rythme de croissance étourdissant de l'économie fondée sur savoir. 
650 |a Education,Education, Secondary 
650 |x Aspect enonomics 
904 |i Giang 
980 |a Trung tâm Học liệu Trường Đại học Cần Thơ